Cálculo superior y teoría del vector-campo / (Record no. 147578)

MARC details
000 -LEADER
campo de control de longitud fija 00807nam a2200265 i 4500
001 - NÚMERO DE CONTROL
campo de control 147578
003 - IDENTIFICADOR DE NÚMERO DE CONTROL
campo de control ES-MaACL
005 - FECHA Y HORA DE LA ÚLTIMA TRANSACCIÓN
campo de control 20230906202115.0
007 - CAMPO FIJO DE DESCRIPCIÓN FÍSICA--INFORMACIÓN GENERAL
campo de control de longitud fija t|
008 - DATOS DE LONGITUD FIJA--INFORMACIÓN GENERAL
campo de control de longitud fija 071003s1969 sp ||||1| spa d
080 ## - NÚMERO DE LA CLASIFICACIÓN DECIMAL UNIVERSAL
Número de la Clasificación Decimal Universal 517.3
080 ## - NÚMERO DE LA CLASIFICACIÓN DECIMAL UNIVERSAL
Número de la Clasificación Decimal Universal 512.94/.99
100 1# - ENTRADA PRINCIPAL--NOMBRE DE PERSONA
Nombre de persona Urwin, Kathleen M.
9 (RLIN) 112279
245 10 - MENCIÓN DEL TÍTULO
Título Cálculo superior y teoría del vector-campo /
Mención de responsabilidad, etc. Kathleen M. Urwin ; versión... de Elena Martín Peinador.
250 ## - MENCION DE EDICION
Mención de edición [1ª ed.].
260 ## - PUBLICACIÓN, DISTRIBUCIÓN, ETC.
Lugar de publicación, distribución, etc. Madrid :
Nombre del editor, distribuidor, etc. Alhambra,
Fecha de publicación, distribución, etc. [1969]
300 ## - DESCRIPCIÓN FÍSICA
Extensión VIII, 292 p. :
Otras características físicas il. ;
Dimensiones 20 cm.
490 1# - MENCIÓN DE SERIE
Mención de serie Exedra ;
Designación de volumen o secuencia 40
650 14 - PUNTO DE ACCESO ADICIONAL DE MATERIA--TÉRMINO DE MATERIA
Término de materia o nombre geográfico como elemento de entrada Cálculo integral.
9 (RLIN) 10672
650 14 - PUNTO DE ACCESO ADICIONAL DE MATERIA--TÉRMINO DE MATERIA
Término de materia o nombre geográfico como elemento de entrada Cálculo vectorial.
9 (RLIN) 10677
700 1# - ENTRADA AGREGADA--NOMBRE PERSONAL
Nombre de persona Martín Peinador, Elena.
9 (RLIN) 77599
830 0# - PUNTO DE ACCESO ADICIONAL DE SERIE-TÍTULO UNIFORME
Título uniforme Exedra ;
Designación de volumen o secuencia 40
9 (RLIN) 177436
852 ## - LOCALIZACIÓN
Ubicación ES-MaACL
Número de control de estantería C-35997
Sublocalización o colección R.69028
Holdings
Estatus retirado Estado de pérdida Estado de daño No para préstamo Biblioteca de origen Biblioteca actual Ubicación en estantería Fecha de adquisición Fuente de adquisición Total de préstamos Signatura topográfica completa Código de barras Visto por última vez Precio de reemplazo Tipo de ítem Koha
        Biblioteca del Ateneo de Madrid Biblioteca del Ateneo de Madrid Depósito 2 17/01/2008     C-35997 1154013 23/02/2023 23/02/2023 Libro impreso